Jedenastki finału Mistrzostw Świata 2010 - Statystyki

Ogólne statystyki
  • Ten quiz został rozwiązany 422 razy
  • Średni wynik to 13 z 22
Statystyki odpowiedzi
Kraj Pozycja Odpowiedź % Poprawnych
Hiszpania Bramkarz Iker Casillas
97%
Pomocnik Andres Iniesta
96%
Pomocnik Xavi
94%
Napastnik David Villa
91%
Obrońca Sergio Ramos
91%
Obrońca Gerard Piqie
88%
Napastnik Arjen Robben
87%
Obrońca Carles Puyol
87%
Napastnik Robin van Persie
84%
Pomocnik Wesley Sneijder
74%
Pomocnik Sergio Busquets
66%
Pomocnik Xabi Alonso
59%
Holandia Bramkarz Maarten Stekelenburg
50%
Pomocnik Nigel de Jong
48%
Obrońca Giovanni van Bronckhorst
39%
Napastnik Pedro
39%
Pomocnik Mark van Bommel
29%
Obrońca Joan Capdevila
24%
Obrońca John Heitinga
23%
Obrońca Gregory van der Wiel
14%
Obrońca Joris Mathijsen
8%
Napastnik Dirk Kuijt
6%
Nie znaleziono quizów pasujących do podanych kryteriów
Rozkład punktacji
Procent ludzi z każdym wynikiem
Percentyl według liczby udzielonych odpowiedzi
Twoja historia wyników
Nie rozwiązałeś tego quizu